000 00758nam a2200229Ia 4500
003 Ost
005 20260507074857.0
008 260507s9999||||xx |||||||||||||| ||und||
020 _a9774280237
040 _cfsecg
041 _aara
082 _a380
100 _aالصيرفي، محمد
_eمؤلف
245 0 _aالتواصل الإداري /
_c محمد الصيرفي
260 _aالاسكندرية:
_bدار الوفاء لدنيا الطباعة و النشر,
_c2006
300 _a376 صفحة؛
_bإيضاحات ؛
_c24 سم
504 _aمراجع ص.374
520 _aيتناول هذا الكتاب لغة الاشارة عند الانسان
653 _aالاتصالات
653 _aالإشارات
942 _cكتاب
999 _c41619
_d41619